[Event "GBR-ch79"]
[Site "Plymouth"]
[Date "1992.08.07"]
[Round "5.6"]
[White "Kumaran, Dharshan"]
[Black "Arkell, Keith C"]
[Result "1-0"]
[WhiteElo "2380"]
[BlackElo "2460"]
[PlyCount "113"]
[EventDate "1992.08.03"]
[EventType "swiss"]
[EventRounds "11"]
[EventCountry "GBR"]
[SourceTitle "BritBase"]
[Source "John Saunders"]
[SourceDate "2020.10.09"]
[SourceVersion "1"]
[SourceVersionDate "2020.10.09"]
[SourceQuality "1"]

1. d4 Nf6 2. c4 e6 3. Nc3 Bb4 4. Qc2 c5 5. dxc5 O-O 6. a3 Bxc5 7. Nf3 Nc6 8.
Bg5 Nd4 9. Nxd4 Bxd4 10. e3 Qa5 11. exd4 Qxg5 12. Qd2 Qxd2+ 13. Kxd2 b6 14. b4
Bb7 15. f3 Rfc8 16. Bd3 d6 17. Rhc1 Kf8 18. Nd1 g5 19. Ne3 h5 20. Rf1 Ke7 21.
h4 gxh4 22. Rh1 a5 23. b5 Rg8 24. Rxh4 Rg5 25. Re1 Rc8 26. d5 $1 $16 {[#]} Rh8
27. Rf4 e5 28. Rh4 Rgg8 29. f4 Kf8 30. fxe5 dxe5 31. Rf1 Ne8 32. Rf5 f6 33.
Rfxh5 Rxh5 34. Rxh5 Nd6 35. Rh6 Ke7 36. Bf5 Rg3 37. Rh7+ Ke8 38. Rh8+ Ke7 39.
Rh7+ Ke8 40. Be6 Ne4+ 41. Kd3 Nc5+ 42. Ke2 Nxe6 43. Rxb7 Nc5 44. Rxb6 Ne4 45.
Nf5 Rxa3 46. Nd6+ Nxd6 47. Rxd6 Rc3 48. Rc6 a4 49. b6 Rb3 50. c5 Kd8 51. Rxf6
Ke7 52. Rc6 Rb5 53. Rc7+ Kf6 54. Kd3 e4+ 55. Kxe4 a3 56. Kd4 Rb4+ 57. Kc3 1-0

[Event "GBR-ch79"]
[Site "Plymouth"]
[Date "1992.08.07"]
[Round "5.7"]
[White "Small, Simon"]
[Black "Levitt, Jonathan"]
[Result "0-1"]
[WhiteElo "2245"]
[BlackElo "2455"]
[PlyCount "94"]
[EventDate "1992.08.03"]
[EventType "swiss"]
[EventRounds "11"]
[EventCountry "GBR"]
[SourceTitle "BritBase"]
[Source "John Saunders"]
[SourceDate "2020.10.09"]
[SourceVersion "1"]
[SourceVersionDate "2020.10.09"]
[SourceQuality "1"]

1. d4 d5 2. Nf3 Nf6 3. e3 g6 4. Nbd2 Bg7 5. Bd3 O-O 6. O-O c5 7. c3 Bf5 8. Bxf5
gxf5 9. b3 cxd4 10. cxd4 Nc6 11. Bb2 e6 12. Ne5 Nxe5 13. dxe5 Nd7 14. Nf3 Qa5
15. Qd4 Rfc8 16. Qh4 Rc2 17. Bd4 Rac8 18. g4 fxg4 19. Qxg4 Rxa2 20. b4 Qa3 21.
Rxa2 Qxa2 22. Ng5 Nf8 23. Kh1 Qc2 24. Rg1 Qg6 25. Qf3 h6 26. Nh3 Qe4 27. Qxe4
dxe4 28. Nf4 b6 29. b5 Kh7 30. Nh5 Ng6 31. Nxg7 Kxg7 32. Ra1 Nh4 33. h3 Rc7 34.
Kh2 Nf5 35. Ra4 h5 36. h4 Kg6 37. Ba1 Rc5 38. Rxa7 Rxb5 39. Rb7 Rb1 40. Bc3
Nxh4 41. Kg3 Nf5+ 42. Kg2 h4 43. Kh3 Rc1 44. Bd4 Rc2 45. Bxb6 Rxf2 46. Rb8 Rf3+
47. Kh2 Nxe3 0-1

[Event "GBR-ch79"]
[Site "Plymouth"]
[Date "1992.08.07"]
[Round "5.8"]
[White "Collinson, Adam"]
[Black "Rossiter, Philip J"]
[Result "1-0"]
[WhiteElo "2360"]
[BlackElo "2280"]
[PlyCount "71"]
[EventDate "1992.08.03"]
[EventType "swiss"]
[EventRounds "11"]
[EventCountry "GBR"]
[SourceTitle "BritBase"]
[Source "John Saunders"]
[SourceDate "2020.10.09"]
[SourceVersion "1"]
[SourceVersionDate "2020.10.09"]
[SourceQuality "1"]

1. e4 c5 2. Nf3 e6 3. d4 cxd4 4. Nxd4 Nf6 5. Nc3 d6 6. Be2 Be7 7. O-O O-O 8.
Be3 Nc6 9. f4 a6 10. Qe1 Qc7 11. Kh1 Bd7 12. Qg3 Nxd4 13. Bxd4 Bc6 14. Rae1 b5
15. a3 Qb7 16. Bd3 b4 17. axb4 Qxb4 18. Ne2 Qb7 19. e5 Nh5 20. Qh3 g6 21. Ng3
Nxg3+ 22. hxg3 dxe5 23. Bxe5 f5 24. g4 Rad8 25. Kh2 Bb4 26. Re3 Bc5 27. Rg3 Be4
28. Qh6 Bxd3 29. cxd3 fxg4 30. Rxg4 Rf5 31. Rxg6+ hxg6 32. Qh8+ Kf7 33. Qg7+
Ke8 34. Qxb7 Rxd3 35. Qc8+ Kf7 36. Qxc5 1-0

[Event "GBR-ch79"]
[Site "Plymouth"]
[Date "1992.08.07"]
[Round "5.9"]
[White "Bibby, Simon"]
[Black "Willmoth, Robert"]
[Result "1-0"]
[WhiteElo "2285"]
[BlackElo "2215"]
[PlyCount "113"]
[EventDate "1992.08.03"]
[EventType "swiss"]
[EventRounds "11"]
[EventCountry "GBR"]
[SourceTitle "BritBase"]
[Source "John Saunders"]
[SourceDate "2020.10.09"]
[SourceVersion "1"]
[SourceVersionDate "2020.10.09"]
[SourceQuality "1"]

1. d4 d6 2. e4 Nf6 3. Nc3 g6 4. Be3 c6 5. f3 Nbd7 6. Qd2 h5 $6 7. Nh3 $1 $14 b5
8. Ng5 a6 9. Be2 Bg7 10. f4 Nb6 11. h3 Qc7 12. O-O d5 $2 13. e5 $16 Ng8 14. b3
e6 15. a4 Bf8 16. axb5 cxb5 17. Nd1 Bb7 18. Nb2 Ne7 19. Bf2 Bh6 20. Nf3 Rc8 21.
Rfc1 Qc3 22. Nd3 Qxd2 23. Nxd2 Nd7 24. g4 hxg4 25. hxg4 g5 26. Be3 gxf4 27.
Bxf4 Ng6 28. Bxh6 Rxh6 29. Kg2 Ke7 30. Bf3 Nh4+ 31. Kg3 Nxf3 32. Nxf3 Rc3 33.
Ra2 Rh8 34. Rf1 Rhc8 35. Rf2 Rg8 36. Rh2 Rg7 37. Rh8 Rc8 38. Rxc8 Bxc8 39. Ra1
f5 $2 40. g5 Rh7 41. Rg1 Nb8 42. Nf4 Bd7 43. b4 {[#]} Nc6 44. c3 a5 45. bxa5
Nxa5 46. Ra1 Nc6 47. Ra8 Be8 48. Nxe6 Bh5 49. Nf4 Bxf3 50. Kxf3 b4 51. Nxd5+
Ke6 52. Nf4+ Kd7 53. g6 Rg7 54. Rh8 bxc3 55. Rh7 c2 56. Rxg7+ Ke8 57. Nd3 1-0

[Event "GBR-ch79"]
[Site "Plymouth"]
[Date "1992.08.07"]
[Round "5.10"]
[White "Ward, Christopher R"]
[Black "Mortazavi, Ali"]
[Result "1-0"]
[WhiteElo "2440"]
[BlackElo "2320"]
[PlyCount "69"]
[EventDate "1992.08.03"]
[EventType "swiss"]
[EventRounds "11"]
[EventCountry "GBR"]
[SourceTitle "BritBase"]
[Source "John Saunders"]
[SourceDate "2020.10.09"]
[SourceVersion "1"]
[SourceVersionDate "2020.10.09"]
[SourceQuality "1"]

1. c4 Nf6 2. Nc3 g6 3. d4 Bg7 4. e4 O-O 5. Be3 d6 6. f3 Nbd7 7. Qd2 c5 8. Nge2
a6 9. Bh6 Bxh6 10. Qxh6 b5 11. h4 bxc4 12. h5 e5 13. d5 Nb6 14. g4 Nxg4 $5 {
[#] [ An ingenious idea that deserved to work but did not ]} 15. fxg4 g5 16.
Bh3 f6 17. Rf1 Ra7 18. O-O-O Raf7 19. Rf2 Bd7 20. Rdf1 {[ Unfortunately for
Black the white queen exerts so much influence he gets no time to trap it ]}
Na8 21. Ng1 Nc7 22. Nf3 Qe7 23. Nxg5 $1 $16 {[#]} fxg5 24. Rxf7 Rxf7 25. Rxf7
Qxf7 26. Qxd6 Qf4+ 27. Kb1 Nb5 28. Qxd7 Nxc3+ 29. bxc3 Qxe4+ 30. Kb2 Qe3 31.
Qe6+ Kf8 32. Qf5+ Kg8 33. Bg2 Qe2+ 34. Qc2 Qxg4 35. d6 1-0

[Event "GBR-ch79"]
[Site "Plymouth"]
[Date "1992.08.07"]
[Round "5.11"]
[White "Rayner, Francis"]
[Black "Tozer, Richard"]
[Result "1-0"]
[WhiteElo "2270"]
[BlackElo "2340"]
[PlyCount "110"]
[EventDate "1992.08.03"]
[EventType "swiss"]
[EventRounds "11"]
[EventCountry "GBR"]
[SourceTitle "BritBase"]
[Source "John Saunders"]
[SourceDate "2020.10.09"]
[SourceVersion "1"]
[SourceVersionDate "2020.10.09"]
[SourceQuality "1"]

1. e4 c5 2. Nf3 e6 3. d4 cxd4 4. Nxd4 Nc6 5. Nb5 d6 6. c4 Nf6 7. N1c3 a6 8. Na3
b6 9. Be2 Bb7 10. f4 Be7 11. Bf3 O-O 12. O-O Rc8 13. Be3 Nb8 14. Qe2 Nbd7 15.
Rfe1 Qc7 16. Rac1 Rfe8 17. g4 Nf8 18. g5 N6d7 19. Qf2 Qb8 20. Qe2 Qa8 21. Nab1
f5 22. gxf6 Nxf6 23. Nd2 Ng6 24. Qf2 d5 25. e5 Ne4 26. Ncxe4 dxe4 27. Bg4 Kh8
28. Bh5 Kg8 29. Bxg6 hxg6 30. Qg3 Kf7 31. Kh1 Rh8 32. Rg1 Rh6 33. Rg2 Rch8 34.
Nf1 Qc8 35. b3 Qc6 36. Rd1 a5 37. Rgd2 Rh3 38. Qg2 R8h4 39. Rd7 Ba8 40. R1d6
Qc8 41. Ra7 Bb7 42. Rxb6 Bc6 43. Rxc6 Qxc6 44. Qg5 Qe8 45. Bc5 Kg8 46. Rxe7 Qf8
47. Qxg6 Rh6 48. Re8 Rxg6 49. Rxf8+ Kh7 50. f5 exf5 51. Rxf5 Rc3 52. Rf4 Rc1
53. Be3 Ra1 54. Rf2 Kg8 55. h3 Rg3 {[ Illegible 1-0 75 ]} 1-0

[Event "GBR-ch79"]
[Site "Plymouth"]
[Date "1992.08.07"]
[Round "5.12"]
[White "Lalic, Susan"]
[Black "Mack, Andrew"]
[Result "0-1"]
[WhiteElo "2335"]
[BlackElo "2270"]
[PlyCount "100"]
[EventDate "1992.08.03"]
[EventType "swiss"]
[EventRounds "11"]
[EventCountry "GBR"]
[SourceTitle "BritBase"]
[Source "John Saunders"]
[SourceDate "2020.10.09"]
[SourceVersion "1"]
[SourceVersionDate "2020.10.09"]
[SourceQuality "1"]

1. e4 e6 2. d4 d5 3. Nc3 Nf6 4. Bg5 dxe4 5. Nxe4 Be7 6. Bxf6 gxf6 7. Nf3 b6 8.
Bc4 Bb7 9. Qe2 c6 10. O-O-O Qc7 11. Rhe1 Nd7 12. Kb1 O-O-O 13. Ba6 Rhe8 14.
Bxb7+ Kxb7 15. c4 Nf8 16. Nc3 Ng6 17. Qc2 f5 18. Rd2 Bf6 19. Red1 Rd7 20. Qa4
Red8 21. g3 h5 22. a3 Ne7 23. Ka2 Nc8 24. Qc2 Ne7 25. Rd3 Ng6 26. h4 Ka8 27.
Qe2 Qb7 28. Qe3 Qc7 29. Ne2 Qd6 30. Ne1 Qc7 31. Qf3 Rh8 32. Ng2 Qb7 33. Ngf4
Nxf4 34. Nxf4 Rhd8 35. d5 cxd5 36. Nxh5 Bh8 37. cxd5 exd5 38. Qxf5 Qc6 39. Nf4
Qc2 40. R1d2 Qc4+ 41. Rb3 a5 42. Rc2 a4 43. Rxc4 axb3+ 44. Kxb3 dxc4+ 45. Kxc4
Bxb2 46. a4 Bg7 47. h5 Rc7+ 48. Kb3 Rc3+ 49. Ka2 Rd2+ 50. Kb1 Rb2+ {[#]} 0-1

[Event "GBR-ch79"]
[Site "Plymouth"]
[Date "1992.08.07"]
[Round "5.13"]
[White "Knox, David"]
[Black "Ledger, Andrew"]
[Result "0-1"]
[WhiteElo "2230"]
[BlackElo "2335"]
[PlyCount "80"]
[EventDate "1992.08.03"]
[EventType "swiss"]
[EventRounds "11"]
[EventCountry "GBR"]
[SourceTitle "BritBase"]
[Source "John Saunders"]
[SourceDate "2020.10.09"]
[SourceVersion "1"]
[SourceVersionDate "2020.10.09"]
[SourceQuality "1"]

1. e4 c6 2. Nc3 d5 3. Nf3 Bg4 4. Be2 e6 5. h3 Bh5 6. d4 Nf6 7. e5 Nfd7 8. O-O
Be7 9. Be3 O-O 10. Qd2 c5 11. g4 Bg6 12. dxc5 Bxc5 13. Bxc5 Nxc5 14. Bd3 Nc6
15. Bxg6 hxg6 16. Rfe1 Rc8 17. Kg2 a6 18. h4 f5 19. exf6 Qxf6 20. Ng5 Ne5 21.
Qe2 Nc4 22. b4 Qxc3 23. bxc5 Rf6 24. Qd3 Qxd3 25. cxd3 Nb2 26. d4 Nd3 27. Re3
Nxf2 28. Kg3 Rcf8 29. Nxe6 Re8 30. Rae1 Ne4+ 31. Rxe4 dxe4 32. d5 Rf3+ 33. Kg2
Rd3 34. Re2 e3 35. Nc7 Re7 36. d6 Re5 37. Kf3 Rxc5 38. Rxe3 Rxd6 39. Ne6 Ra5
40. Ng5 Rf6+ 0-1

[Event "GBR-ch79"]
[Site "Plymouth"]
[Date "1992.08.07"]
[Round "5.14"]
[White "Walker, David"]
[Black "Swan, Iain"]
[Result "1/2-1/2"]
[WhiteElo "2320"]
[BlackElo "2270"]
[Annotator "Bulletin"]
[PlyCount "48"]
[EventDate "1992.08.03"]
[EventType "swiss"]
[EventRounds "11"]
[EventCountry "GBR"]
[SourceTitle "BritBase"]
[Source "John Saunders"]
[SourceDate "2020.10.09"]
[SourceVersion "1"]
[SourceVersionDate "2020.10.09"]
[SourceQuality "1"]

1. d4 Nf6 2. c4 e6 3. Nf3 c5 4. e3 d5 5. Nc3 a6 6. dxc5 Bxc5 7. Bd2 O-O 8. Rc1
dxc4 9. Bxc4 b5 10. Be2 Nbd7 11. O-O Bb7 12. Rc2 Rc8 13. Qc1 Ba7 14. Rd1 Bb8
15. Be1 Qc7 16. Rdd2 Bxf3 17. Bxf3 Qxh2+ 18. Kf1 Rc5 (18... Nb6 $1 $15) 19. Ne4
$1 $13 Rxc2 20. Nxf6+ gxf6 21. Qxc2 Ne5 22. Bb7 Qh1+ 23. Ke2 Qh5+ 24. Bf3 Nxf3
$44 {[ x a6 b5 ]} 1/2-1/2

[Event "GBR-ch79"]
[Site "Plymouth"]
[Date "1992.08.08"]
[Round "6.1"]
[White "Mestel, A Jonathan"]
[Black "Hebden, Mark L"]
[Result "1/2-1/2"]
[WhiteElo "2510"]
[BlackElo "2510"]
[Annotator "Bulletin"]
[PlyCount "74"]
[EventDate "1992.08.03"]
[EventType "swiss"]
[EventRounds "11"]
[EventCountry "GBR"]
[SourceTitle "BritBase"]
[Source "John Saunders"]
[SourceDate "2020.10.09"]
[SourceVersion "1"]
[SourceVersionDate "2020.10.09"]
[SourceQuality "1"]

1. c4 g6 2. Nc3 Bg7 3. d4 d6 4. Nf3 Nf6 5. Bg5 c6 6. e3 a6 7. a3 b5 8. Be2 bxc4
9. Bxc4 Nbd7 10. O-O O-O 11. Rc1 c5 {[ 11..Bb7 ]} 12. dxc5 Nxc5 13. b4 $16 {
[#]'} Ncd7 14. Bd5 Ra7 15. Nd4 Nb8 16. a4 Rc7 17. Qb3 e6 18. Bf3 (18. Ba8 $1 {
[ Mestel /\ 18..Ra7 19.Nc6 ]}) 18... h6 19. Bh4 g5 20. Bg3 e5 $1 21. Nde2 Be6
22. Bd5 Nxd5 23. Nxd5 Nc6 24. e4 Bxd5 25. exd5 Ne7 {[ Now Black holds the
balance thanks to counterplay against d5 ]} 26. f3 Rxc1 27. Rxc1 Qa8 28. b5 {
[ Black is now able to force a draw ]} (28. Nc3 Rc8 29. Rb1 Nf5 30. Bf2 $14 {
[ /\ b5 ]}) 28... axb5 29. axb5 Qxd5 30. Qxd5 Nxd5 31. Rd1 Ne3 32. Rxd6 Rb8 33.
Rd3 Nc4 34. Rb3 Bf8 35. Bf2 Nd2 36. Rb2 Nc4 37. Rb3 Nd2 1/2-1/2

[Event "GBR-ch79"]
[Site "Plymouth"]
[Date "1992.08.08"]
[Round "6.3"]
[White "Webster, Andrew"]
[Black "Howell, James C"]
[Result "1/2-1/2"]
[WhiteElo "2330"]
[BlackElo "2465"]
[PlyCount "40"]
[EventDate "1992.08.03"]
[EventType "swiss"]
[EventRounds "11"]
[EventCountry "GBR"]
[SourceTitle "BritBase"]
[Source "John Saunders"]
[SourceDate "2020.10.09"]
[SourceVersion "1"]
[SourceVersionDate "2020.10.09"]
[SourceQuality "1"]

1. c4 g6 2. g4 Bg7 3. Bg2 e5 4. Nc3 d6 5. e4 Nc6 6. Nge2 f5 7. d3 Nf6 8. O-O
O-O 9. h3 Be6 10. exf5 gxf5 11. f4 Qd7 12. Be3 Rad8 13. b3 Nh5 14. Rc1 Kh8 15.
Kh2 Rg8 16. Nd5 Bf7 17. Rg1 Rde8 18. Qd2 Ne7 19. Nxe7 Rxe7 20. Rce1 Rge8
1/2-1/2

[Event "GBR-ch79"]
[Site "Plymouth"]
[Date "1992.08.08"]
[Round "6.4"]
[White "Basman, Michael J"]
[Black "Emms, John M"]
[Result "0-1"]
[WhiteElo "2365"]
[BlackElo "2455"]
[PlyCount "132"]
[EventDate "1992.08.03"]
[EventType "swiss"]
[EventRounds "11"]
[EventCountry "GBR"]
[SourceTitle "BritBase"]
[Source "John Saunders"]
[SourceDate "2020.10.09"]
[SourceVersion "1"]
[SourceVersionDate "2020.10.09"]
[SourceQuality "1"]

1. h3 d5 2. a3 e5 3. c4 c6 4. cxd5 cxd5 5. d3 Bd6 6. g4 Ne7 7. Bg2 Nbc6 8. Nc3
Bc7 9. Nf3 O-O 10. Bd2 Kh8 11. Rc1 a6 12. Nh4 Bb6 13. Nf5 Be6 14. e4 $2 {
[ This just leaves Black clearly worse with passive pieces and weak squares.
The commentary room liked the more consistently Basmanic 14.Na4 putting the
other knight on the edge and heading for c5 with symmetrical knights. ]} dxe4
15. dxe4 Nd4 $17 16. Be3 Bb3 17. Qd2 g6 18. Ng3 Qd6 19. Nge2 Rfd8 20. Nxd4 exd4
21. Bf4 Qe6 22. Ne2 Nc6 23. O-O Ne5 24. Bg3 d3 25. Nf4 Qf6 26. Qc3 d2 27. Nxg6+
Qxg6 28. Bxe5+ Kg8 29. Qxb3 dxc1=Q 30. Rxc1 Rd2 31. Bg3 Rad8 32. Rc3 Qe6 33.
Qxe6 fxe6 34. Rb3 Bd4 35. Rxb7 Rf8 36. e5 Bxf2+ 37. Bxf2 Rfxf2 38. Be4 Rxb2 39.
Bxh7+ Kh8 40. Rxb2 Rxb2 41. Bd3 a5 42. a4 Kg7 43. Bc4 Rb4 44. Bb5 Kg6 45. Kf2
Kg5 46. Ke3 Rb3+ 47. Kd4 Rxh3 48. Kc5 Kxg4 49. Kb6 Kf4 50. Kxa5 Kxe5 51. Kb6
Kd6 52. a5 Rh8 $1 $19 53. Bc6 Rc8 54. Bb7 Rc2 55. a6 Rb2+ 56. Ka5 Kc5 57. Ka4
Kb6 58. Ka3 Rb5 59. Ka4 e5 60. Ka3 Rb1 61. Ka2 Rb4 62. Ka3 Rd4 63. Kb3 e4 64.
Kc3 e3 65. Bf3 Rd2 66. Bb7 Rd8 0-1

[Event "GBR-ch79"]
[Site "Plymouth"]
[Date "1992.08.08"]
[Round "6.5"]
[White "Levitt, Jonathan"]
[Black "Collinson, Adam"]
[Result "1-0"]
[WhiteElo "2455"]
[BlackElo "2360"]
[Annotator "Bulletin"]
[PlyCount "89"]
[EventDate "1992.08.03"]
[EventType "swiss"]
[EventRounds "11"]
[EventCountry "GBR"]
[SourceTitle "BritBase"]
[Source "John Saunders"]
[SourceDate "2020.10.09"]
[SourceVersion "1"]
[SourceVersionDate "2020.10.09"]
[SourceQuality "1"]

1. d4 d6 2. e4 Nf6 3. f3 g6 4. c4 Bg7 5. Be3 O-O 6. Nc3 Nc6 7. Nge2 a6 8. Qd2
Rb8 9. h4 h5 10. Nc1 e5 11. d5 Nd4 12. Nb3 Nxb3 13. axb3 c5 14. Be2 b6 15.
O-O-O b5 16. cxb5 axb5 17. Bxb5 Qa5 18. Qe2 Ne8 19. Kc2 Nc7 20. Ra1 Qb6 21. Bc4
Bd7 22. Ra3 Kh7 23. g4 Nb5 24. Bxb5 Bxb5 25. Qxb5 Qxb5 26. Nxb5 Rxb5 27. Bd2
Rfb8 28. Bc3 R8b6 29. Ra7 Rb7 30. Rxb7 Rxb7 31. Ra1 Bf6 32. g5 Be7 33. f4 $1
$18 {[#] [ /\ 33..exf4 34.Ra8 ]} f6 34. Ra6 fxg5 35. hxg5 Rd7 (35... h4 36. Ra1
) 36. fxe5 dxe5 37. Bxe5 Bxg5 38. Ra8 Bd8 39. Kd3 g5 40. Kc4 g4 41. d6 h4 (
41... Bg5 42. Kd5 h4 43. Ke6 Rb7 (43... Rd8 44. Rxd8 Bxd8 45. Kf5 g3 46. Bf4
Kg7 47. e5) 44. Kf5 $18) 42. Kd5 g3 43. Ke6 Rg7 44. Rxd8 g2 45. Bh2 1-0

[Event "GBR-ch79"]
[Site "Plymouth"]
[Date "1992.08.08"]
[Round "6.6"]
[White "Kumaran, Dharshan"]
[Black "Bibby, Simon"]
[Result "1-0"]
[WhiteElo "2380"]
[BlackElo "2285"]
[Annotator "Bulletin"]
[PlyCount "75"]
[EventDate "1992.08.03"]
[EventType "swiss"]
[EventRounds "11"]
[EventCountry "GBR"]
[SourceTitle "BritBase"]
[Source "John Saunders"]
[SourceDate "2020.10.09"]
[SourceVersion "1"]
[SourceVersionDate "2020.10.09"]
[SourceQuality "1"]

1. d4 Nf6 2. c4 g6 3. Nc3 Bg7 4. e4 d6 5. Nf3 O-O 6. Be2 e5 7. d5 a5 8. Be3 Ng4
9. Bg5 f6 10. Bh4 Na6 11. Nd2 h5 12. a3 Bd7 13. O-O Nh6 14. f3 Qe8 15. b4 $1 g5
16. Bf2 f5 17. exf5 Bxf5 18. Nde4 Qg6 19. bxa5 $16 Bxe4 20. Nxe4 g4 21. Rb1
gxf3 22. Bxf3 Rf4 23. Qd3 h4 24. Be3 Rf7 25. Bxh6 Bxh6 26. Rxb7 Raf8 27. Ra7 $2
Nb8 $2 (27... Nc5 $1 28. Nxc5 Qxd3 29. Nxd3 Be3+) 28. Ra8 Nd7 29. Rxf8+ Rxf8
30. a6 $18 Ra8 31. c5 dxc5 32. d6 c6 33. Qb3+ Kh8 34. Qb7 Rf8 35. Qxd7 Be3+ 36.
Kh1 Qxe4 37. Qe7 Qf4 38. d7 1-0

[Event "GBR-ch79"]
[Site "Plymouth"]
[Date "1992.08.08"]
[Round "6.8"]
[White "Mack, Andrew"]
[Black "Hennigan, Michael T"]
[Result "1/2-1/2"]
[WhiteElo "2270"]
[BlackElo "2400"]
[Annotator "Bulletin"]
[PlyCount "61"]
[EventDate "1992.08.03"]
[EventType "swiss"]
[EventRounds "11"]
[EventCountry "GBR"]
[SourceTitle "BritBase"]
[Source "John Saunders"]
[SourceDate "2020.10.09"]
[SourceVersion "1"]
[SourceVersionDate "2020.10.09"]
[SourceQuality "1"]

1. d4 g6 2. e4 Bg7 3. Nc3 d6 4. f4 c6 5. Be3 Qb6 6. Qd2 Qxb2 $5 7. Rb1 Qa3 8.
Nf3 Qa5 9. Bd3 Nf6 10. h3 Nbd7 11. O-O O-O 12. e5 $44 Ne8 13. Qe1 b5 14. Bd2
Qb6 15. Kh1 dxe5 16. fxe5 Nc7 17. Qh4 f6 18. exf6 exf6 19. Bh6 Bb7 20. Ne4 c5
21. Bc4+ $1 $16 {[#]} bxc4 22. Rxb6 axb6 23. Bxg7 Kxg7 24. dxc5 bxc5 25. Qf4
Nd5 26. Qd6 Rfd8 27. Nxc5 (27. Nfg5 $5) 27... Nxc5 28. Qxc5 Rdc8 29. Qd6 Rd8 {
[ Time trouble ]} 30. Qc5 Rdc8 31. Qd6 1/2-1/2

[Event "GBR-ch79"]
[Site "Plymouth"]
[Date "1992.08.08"]
[Round "6.10"]
[White "Mortazavi, Ali"]
[Black "Rayner, Francis"]
[Result "1/2-1/2"]
[WhiteElo "2320"]
[BlackElo "2270"]
[PlyCount "52"]
[EventDate "1992.08.03"]
[EventType "swiss"]
[EventRounds "11"]
[EventCountry "GBR"]
[SourceTitle "BritBase"]
[Source "John Saunders"]
[SourceDate "2020.10.09"]
[SourceVersion "1"]
[SourceVersionDate "2020.10.09"]
[SourceQuality "1"]

1. e4 e5 2. Nf3 Nc6 3. Bb5 a6 4. Ba4 Nf6 5. Qe2 b5 6. Bb3 Be7 7. c3 O-O 8. O-O
d5 9. d3 Re8 10. Rd1 d4 11. h3 h6 12. a4 b4 13. cxd4 exd4 14. a5 Bf8 15. Qc2
Qd6 16. Nbd2 Nd7 17. Bd5 Nc5 18. Nc4 b3 19. Qd2 Qg6 20. Qf4 Bxh3 21. Nh4 Qh5
22. f3 Bd7 23. g4 Qxh4 24. Qxf7+ Kh7 25. Qg8+ Kg6 26. Qf7+ Kh7 1/2-1/2

[Event "GBR-ch79"]
[Site "Plymouth"]
[Date "1992.08.08"]
[Round "6.12"]
[White "Ryan, Joseph"]
[Black "Walker, David"]
[Result "1-0"]
[WhiteElo "2275"]
[BlackElo "2320"]
[PlyCount "63"]
[EventDate "1992.08.03"]
[EventType "swiss"]
[EventRounds "11"]
[EventCountry "GBR"]
[SourceTitle "BritBase"]
[Source "John Saunders"]
[SourceDate "2020.10.09"]
[SourceVersion "1"]
[SourceVersionDate "2020.10.09"]
[SourceQuality "1"]

1. e4 g6 2. d4 Bg7 3. Nc3 d6 4. Nf3 Nf6 5. Be3 O-O 6. h3 c6 7. Bd3 b5 8. Qd2
Nbd7 9. e5 Ne8 10. Bh6 dxe5 11. Bxg7 Kxg7 12. Nxe5 Nxe5 13. dxe5 Qd4 14. f4 Nc7
15. Be4 Qc4 16. Qe2 Qc5 17. O-O-O Be6 18. Qf3 a5 19. Bxc6 Ra6 20. Bd7 a4 21.
Bxe6 Rxe6 22. Rd2 a3 23. b3 Rc6 24. Ne4 Qb4 25. Rhd1 Rc8 26. Kb1 Ne6 27. f5
gxf5 28. Qxf5 Qa5 29. Rf1 Rf8 30. Qg4+ Kh8 31. Rdf2 Nc5 32. Nxc5 {[ /\ 32..Qc3
33.Nd3 +- ]} 1-0

[Event "GBR-ch79"]
[Site "Plymouth"]
[Date "1992.08.08"]
[Round "6.13"]
[White "Willmoth, Robert"]
[Black "Ansell, Simon"]
[Result "1/2-1/2"]
[WhiteElo "2215"]
[BlackElo "2305"]
[PlyCount "128"]
[EventDate "1992.08.03"]
[EventType "swiss"]
[EventRounds "11"]
[EventCountry "GBR"]
[SourceTitle "BritBase"]
[Source "John Saunders"]
[SourceDate "2020.10.09"]
[SourceVersion "1"]
[SourceVersionDate "2020.10.09"]
[SourceQuality "1"]

1. e4 c5 2. Nf3 Nc6 3. d4 cxd4 4. Nxd4 e5 5. Nb5 d6 6. N1c3 a6 7. Na3 b5 8. Nd5
Nce7 9. g3 Nxd5 10. Qxd5 Be6 11. Qd3 Rc8 12. Bg2 Be7 13. c3 Nf6 14. Bg5 h6 15.
Bxf6 Bxf6 16. O-O h5 17. Rfd1 Be7 18. Nc2 h4 19. Ne3 hxg3 20. hxg3 g6 21. Rd2
Qd7 22. Nd5 Bd8 23. Qf3 Kf8 24. Qe3 Bh3 25. Bf3 Bg4 26. Bg2 Kg7 27. Nb6 Bxb6
28. Qxb6 Rc6 29. Qe3 Bh3 30. Qf3 Be6 31. Qe3 Qc7 32. a3 a5 33. Rad1 Bb3 34. Rf1
Bc4 35. Rfd1 Bb3 36. Rf1 Bc4 37. Re1 Rb8 38. f4 Qb6 39. Bf1 Bxf1 40. Kxf1 Qxe3
41. Rxe3 b4 42. cxb4 axb4 43. Rb3 Rc4 44. Re2 exf4 45. gxf4 f5 46. exf5 Rxf4+
47. Rf2 Rxf5 48. Rxf5 gxf5 49. Kf2 Kf6 50. Kf3 Ke5 51. axb4 Rb5 52. Re3+ Kd4
53. Rb3 Kc4 54. Rc3+ Kxb4 55. Kf4 Rd5 56. Rc8 Kb3 57. Rb8+ Kc4 58. Rf8 Rb5 59.
Rxf5 Rxb2 60. Ke3 d5 61. Rf4+ Kc5 62. Kd3 Rb3+ 63. Kd2 Rh3 64. Rg4 d4 1/2-1/2

[Event "GBR-ch79"]
[Site "Plymouth"]
[Date "1992.08.08"]
[Round "6.16"]
[White "Norman, Kenneth I"]
[Black "Britton, Richard"]
[Result "0-1"]
[WhiteElo "2210"]
[BlackElo "2275"]
[PlyCount "74"]
[EventDate "1992.08.03"]
[EventType "swiss"]
[EventRounds "11"]
[EventCountry "GBR"]
[SourceTitle "BritBase"]
[Source "John Saunders"]
[SourceDate "2020.10.09"]
[SourceVersion "1"]
[SourceVersionDate "2020.10.09"]
[SourceQuality "1"]

1. Nf3 Nf6 2. c4 g6 3. d4 Bg7 4. g3 O-O 5. Bg2 d6 6. Nc3 Nc6 7. O-O e5 8. d5
Ne7 9. c5 Ne8 10. cxd6 cxd6 11. e4 h6 12. a4 f5 13. exf5 gxf5 14. Nd2 Nf6 15.
Nc4 Nh7 16. f4 Ng6 17. Qh5 Rf6 18. Be3 Bd7 19. Rac1 Be8 20. Qe2 exf4 21. gxf4
Nh4 22. Bh3 Rg6+ 23. Kh1 Nf6 24. Bd4 Bd7 25. Ne3 Ng4 26. Bxg7 Nxe3 27. Qxe3
Kxg7 28. Rg1 Qf6 29. Rxg6+ Nxg6 30. Bg2 Re8 31. Qf2 a6 32. Rf1 Rc8 33. Bh3 Rc4
34. Qg3 Rd4 35. Bg2 Kh7 36. Kg1 Rb4 37. Rf2 Qd4 0-1